<?xml version="1.0" encoding="UTF-8"?>
<record
    xmlns:xsi="http://www.w3.org/2001/XMLSchema-instance"
    xsi:schemaLocation="http://www.loc.gov/MARC21/slim http://www.loc.gov/standards/marcxml/schema/MARC21slim.xsd"
    xmlns="http://www.loc.gov/MARC21/slim">

  <leader>00685nam a22002297a 4500</leader>
  <controlfield tag="005">20250910150229.0</controlfield>
  <controlfield tag="008">250910b        |||||||| |||| 00| 0 eng d</controlfield>
  <datafield tag="020" ind1=" " ind2=" ">
    <subfield code="a">8195076246</subfield>
  </datafield>
  <datafield tag="040" ind1=" " ind2=" ">
    <subfield code="c">AL</subfield>
  </datafield>
  <datafield tag="041" ind1=" " ind2=" ">
    <subfield code="a">English</subfield>
  </datafield>
  <datafield tag="082" ind1=" " ind2=" ">
    <subfield code="a">346.03</subfield>
    <subfield code="b">SHUL</subfield>
  </datafield>
  <datafield tag="100" ind1=" " ind2=" ">
    <subfield code="a">M N Shukla</subfield>
    <subfield code="9">238501</subfield>
  </datafield>
  <datafield tag="245" ind1=" " ind2=" ">
    <subfield code="a">Law of the Torts </subfield>
  </datafield>
  <datafield tag="300" ind1=" " ind2=" ">
    <subfield code="a">Ixviii,486p.</subfield>
    <subfield code="b">PB</subfield>
    <subfield code="c">23.5x15.5 cm.</subfield>
  </datafield>
  <datafield tag="365" ind1=" " ind2=" ">
    <subfield code="a">583</subfield>
    <subfield code="b">&#x20B9;405.00</subfield>
    <subfield code="c">&#x20B9;</subfield>
    <subfield code="d">&#x20B9;540.00</subfield>
    <subfield code="e">25%</subfield>
    <subfield code="f">03-09-2025</subfield>
  </datafield>
  <datafield tag="650" ind1=" " ind2=" ">
    <subfield code="a">Law</subfield>
    <subfield code="9">238502</subfield>
  </datafield>
  <datafield tag="650" ind1=" " ind2=" ">
    <subfield code="a">Alongwith Consumer Protection Act 2019</subfield>
    <subfield code="9">238503</subfield>
  </datafield>
  <datafield tag="650" ind1=" " ind2=" ">
    <subfield code="a">Compensation under the Motor Vehicles Act</subfield>
    <subfield code="9">238504</subfield>
  </datafield>
  <datafield tag="700" ind1=" " ind2=" ">
    <subfield code="a">Sharma ,Arun kumar</subfield>
    <subfield code="9">238505</subfield>
  </datafield>
  <datafield tag="700" ind1=" " ind2=" ">
    <subfield code="a">Singh,Rajeev Nain</subfield>
    <subfield code="9">238506</subfield>
  </datafield>
  <datafield tag="942" ind1=" " ind2=" ">
    <subfield code="2">ddc</subfield>
    <subfield code="c">BK</subfield>
  </datafield>
  <datafield tag="999" ind1=" " ind2=" ">
    <subfield code="c">240422</subfield>
    <subfield code="d">240422</subfield>
  </datafield>
  <datafield tag="952" ind1=" " ind2=" ">
    <subfield code="0">0</subfield>
    <subfield code="1">0</subfield>
    <subfield code="2">ddc</subfield>
    <subfield code="4">0</subfield>
    <subfield code="7">0</subfield>
    <subfield code="8">Law</subfield>
    <subfield code="a">LL</subfield>
    <subfield code="b">LL</subfield>
    <subfield code="d">2025-09-10</subfield>
    <subfield code="e">MPP House Bengaluru -560009</subfield>
    <subfield code="g">405.00</subfield>
    <subfield code="l">5</subfield>
    <subfield code="o">346.03 SHUL</subfield>
    <subfield code="p">LL002446</subfield>
    <subfield code="r">2025-12-08 12:36:29</subfield>
    <subfield code="s">2025-11-29</subfield>
    <subfield code="v">540.00</subfield>
    <subfield code="w">2025-09-03</subfield>
    <subfield code="y">BK</subfield>
  </datafield>
  <datafield tag="952" ind1=" " ind2=" ">
    <subfield code="0">0</subfield>
    <subfield code="1">0</subfield>
    <subfield code="2">ddc</subfield>
    <subfield code="4">0</subfield>
    <subfield code="7">0</subfield>
    <subfield code="8">Law</subfield>
    <subfield code="a">LL</subfield>
    <subfield code="b">LL</subfield>
    <subfield code="d">2025-09-10</subfield>
    <subfield code="e">MPP House Bengaluru -560009</subfield>
    <subfield code="g">405.00</subfield>
    <subfield code="l">6</subfield>
    <subfield code="o">346.03 SHUL</subfield>
    <subfield code="p">LL002447</subfield>
    <subfield code="r">2025-12-20 11:07:50</subfield>
    <subfield code="s">2025-12-04</subfield>
    <subfield code="v">540.00</subfield>
    <subfield code="w">2025-09-03</subfield>
    <subfield code="y">BK</subfield>
  </datafield>
  <datafield tag="952" ind1=" " ind2=" ">
    <subfield code="0">0</subfield>
    <subfield code="1">0</subfield>
    <subfield code="2">ddc</subfield>
    <subfield code="4">0</subfield>
    <subfield code="7">0</subfield>
    <subfield code="8">Law</subfield>
    <subfield code="a">LL</subfield>
    <subfield code="b">LL</subfield>
    <subfield code="d">2025-09-10</subfield>
    <subfield code="e">MPP House Bengaluru -560009</subfield>
    <subfield code="g">405.00</subfield>
    <subfield code="l">6</subfield>
    <subfield code="o">346.03 SHUL</subfield>
    <subfield code="p">LL002448</subfield>
    <subfield code="r">2025-12-10 16:06:50</subfield>
    <subfield code="s">2025-11-28</subfield>
    <subfield code="v">540.00</subfield>
    <subfield code="w">2025-09-03</subfield>
    <subfield code="y">BK</subfield>
  </datafield>
  <datafield tag="952" ind1=" " ind2=" ">
    <subfield code="0">0</subfield>
    <subfield code="1">0</subfield>
    <subfield code="2">ddc</subfield>
    <subfield code="4">0</subfield>
    <subfield code="7">0</subfield>
    <subfield code="8">Law</subfield>
    <subfield code="a">LL</subfield>
    <subfield code="b">LL</subfield>
    <subfield code="d">2025-09-10</subfield>
    <subfield code="e">MPP House Bengaluru -560009</subfield>
    <subfield code="g">405.00</subfield>
    <subfield code="l">8</subfield>
    <subfield code="o">346.03 SHUL</subfield>
    <subfield code="p">LL002449</subfield>
    <subfield code="r">2025-12-08 10:37:55</subfield>
    <subfield code="s">2025-11-29</subfield>
    <subfield code="v">540.00</subfield>
    <subfield code="w">2025-09-03</subfield>
    <subfield code="y">BK</subfield>
  </datafield>
  <datafield tag="952" ind1=" " ind2=" ">
    <subfield code="0">0</subfield>
    <subfield code="1">0</subfield>
    <subfield code="2">ddc</subfield>
    <subfield code="4">0</subfield>
    <subfield code="7">0</subfield>
    <subfield code="8">Law</subfield>
    <subfield code="a">LL</subfield>
    <subfield code="b">LL</subfield>
    <subfield code="d">2025-09-20</subfield>
    <subfield code="e">MPP House Bengaluru -560009</subfield>
    <subfield code="g">405.00</subfield>
    <subfield code="l">3</subfield>
    <subfield code="o">346.03 SHUL</subfield>
    <subfield code="p">LL002512</subfield>
    <subfield code="r">2025-12-10 16:05:35</subfield>
    <subfield code="s">2025-12-02</subfield>
    <subfield code="v">540.00</subfield>
    <subfield code="w">2025-09-18</subfield>
    <subfield code="y">BK</subfield>
  </datafield>
  <datafield tag="952" ind1=" " ind2=" ">
    <subfield code="0">0</subfield>
    <subfield code="1">0</subfield>
    <subfield code="2">ddc</subfield>
    <subfield code="4">0</subfield>
    <subfield code="7">0</subfield>
    <subfield code="8">Law</subfield>
    <subfield code="a">LL</subfield>
    <subfield code="b">LL</subfield>
    <subfield code="d">2025-09-20</subfield>
    <subfield code="e">MPP House Bengaluru -560009</subfield>
    <subfield code="g">405.00</subfield>
    <subfield code="l">4</subfield>
    <subfield code="m">1</subfield>
    <subfield code="o">346.03 SHUL</subfield>
    <subfield code="p">LL002513</subfield>
    <subfield code="r">2025-12-15 16:05:36</subfield>
    <subfield code="s">2025-12-04</subfield>
    <subfield code="v">540.00</subfield>
    <subfield code="w">2025-09-18</subfield>
    <subfield code="y">BK</subfield>
  </datafield>
  <datafield tag="952" ind1=" " ind2=" ">
    <subfield code="0">0</subfield>
    <subfield code="1">0</subfield>
    <subfield code="2">ddc</subfield>
    <subfield code="4">0</subfield>
    <subfield code="7">0</subfield>
    <subfield code="8">Law</subfield>
    <subfield code="a">LL</subfield>
    <subfield code="b">LL</subfield>
    <subfield code="d">2025-09-20</subfield>
    <subfield code="e">MPP House Bengaluru -560009</subfield>
    <subfield code="g">405.00</subfield>
    <subfield code="l">1</subfield>
    <subfield code="o">346.03 SHUL</subfield>
    <subfield code="p">LL002514</subfield>
    <subfield code="r">2026-01-06 09:07:51</subfield>
    <subfield code="s">2025-09-30</subfield>
    <subfield code="v">540.00</subfield>
    <subfield code="w">2025-09-18</subfield>
    <subfield code="y">BK</subfield>
  </datafield>
  <datafield tag="952" ind1=" " ind2=" ">
    <subfield code="0">0</subfield>
    <subfield code="1">0</subfield>
    <subfield code="2">ddc</subfield>
    <subfield code="4">0</subfield>
    <subfield code="7">0</subfield>
    <subfield code="8">Law</subfield>
    <subfield code="a">LL</subfield>
    <subfield code="b">LL</subfield>
    <subfield code="d">2025-09-20</subfield>
    <subfield code="e">MPP House Bengaluru -560009</subfield>
    <subfield code="g">405.00</subfield>
    <subfield code="l">2</subfield>
    <subfield code="o">346.03 SHUL</subfield>
    <subfield code="p">LL002515</subfield>
    <subfield code="r">2025-12-31 11:44:19</subfield>
    <subfield code="s">2025-10-16</subfield>
    <subfield code="v">540.00</subfield>
    <subfield code="w">2025-09-18</subfield>
    <subfield code="y">BK</subfield>
  </datafield>
</record>
